[Event "FRA-ch U12 Girls"]
[Site "Le Grand Bornand"]
[Date "2003.??.??"]
[Round "8.3"]
[White "Vallee, Laura"]
[Black "Richard, Emma"]
[Result "1-0"]
[WhiteElo "1610"]
[BlackElo "1650"]
[PlyCount "67"]
[EventDate "2003.??.??"]
[EventType "swiss"]
[EventRounds "9"]
[EventCountry "FRA"]
[SourceTitle "EXT 2004"]
[Source "ChessBase"]
[SourceDate "2003.11.25"]
[SourceVersion "1"]
[SourceVersionDate "2003.11.25"]
[SourceQuality "1"]

1. e4 e6 2. d4 d5 3. e5 c5 4. c3 Nc6 5. Nf3 Qb6 6. Be2 Nh6 7. 0-0 Nf5 8. g4 Nfe7 9. Na3 Bd7 10. Nc2 h5 11. g5 Nf5 12. b3 Be7 13. Ne3 Nxe3 14. Bxe3 Rc8 15. dxc5 Bxc5 16. Bxc5 Qxc5 17. Qd2 Ne7 18. Rac1 Qa5 19. Rc2 Bb5 20. Bxb5+ Qxb5 21. Nd4 Qd7 22. a4 Nf5 23. Nxf5 exf5 24. Rd1 Rd8 25. Qe3 a6 26. Rcd2 Qe7 27. Rxd5 Rxd5 28. Rxd5 0-0 29. Qf4 Qa3 30. Qxf5 Qxb3 31. e6 fxe6 32. Qxe6+ Kh8 33. g6 Qb2 34. Rxh5# 1-0

[Event "FRA-ch U12 Girls"]
[Site "Hyeres"]
[Date "2002.??.??"]
[Round "2.10"]
[White "Vallee, Laura"]
[Black "Delescluse, Oriane"]
[Result "1-0"]
[WhiteElo "1360"]
[BlackElo "1510"]
[PlyCount "143"]
[EventDate "2002.04.05"]
[EventType "swiss"]
[EventRounds "9"]
[EventCountry "FRA"]
[SourceTitle "EXT 2003"]
[Source "ChessBase"]
[SourceDate "2002.11.25"]
[SourceVersion "1"]
[SourceVersionDate "2002.11.25"]
[SourceQuality "1"]

1. e4 d5 2. d4 Nc6 3. Be3 dxe4 4. Nc3 Nf6 5. f3 exf3 6. Nxf3 Bg4 7. h3 Bh5 8. g4 Bg6 9. Bb5 e6 10. Ne5 Qd6 11. Qf3 Nd5 12. Nxd5 exd5 13. 0-0-0 Be4 14. Qxf7+ Kd8 15. Nxc6+ bxc6 16. Bg5+ Be7 17. Bxe7+ Qxe7 18. Qxe7+ Kxe7 19. Bxc6 Rab8 20. Rhe1 Kd6 21. Ba4 Rhf8 22. Re3 Rb4 23. Bb3 a5 24. c3 Rb7 25. Rde1 c6 26. Ba4 Rf2 27. R3e2 Rf3 28. Bc2 Bxc2 29. Kxc2 Rxh3 30. Re6+ Kc7 31. Re7+ Kb6 32. Rxb7+ Kxb7 33. Re7+ Kc8 34. Rxg7 Kd8 35. Kb3 Ke8 36. Ra7 Kf8 37. Rxa5 Kg7 38. Rc5 Rg3 39. Rxc6 Rxg4 40. a4 h5 41. a5 h4 42. a6 Rf4 43. a7 Rf8 44. Rc7+ Kg6 45. Rb7 Ra8 46. Re7 Kg5 47. Rg7+ Kf4 48. Rf7+ Kg3 49. Rg7+ Kh2 50. Ka4 h3 51. Kb5 Kh1 52. Ka6 Rf8 53. Kb7 h2 54. Rh7 Rg8 55. a8Q Rxa8 56. Kxa8 Kg2 57. b4 h1Q 58. Rxh1 Kxh1 59. b5 Kg2 60. b6 Kf3 61. b7 Ke3 62. b8Q Kd3 63. Qg3+ Kc4 64. Kb7 Kb3 65. Kb6 Kc4 66. Kc6 Kb3 67. Kxd5 Kc2 68. Kc4 Kd2 69. Qf2+ Kc1 70. Qe2 Kb1 71. Kb3 Kc1 72. Qc2# 1-0